'AR' Blitz Quiz Stats

 Plays Quiz Updated Feb 21, 2016

Also try: Double L Blitz
Challenge
Share
Tweet
Embed
Score 0/28 Timer 03:00
0 Plays Today
Category Answer % Correct
US StateArkansas
96.5%
CountryArgentina
92.1%
Oscar Best Picture MovieArgo
86.8%
Military BranchArmy
86.7%
OceanArctic
85.3%
ElementArgon
85.1%
Zodiac SignAries
80.2%
Greek Olympian GodAres
71.5%
Olympic SportArchery
71.1%
Fast Food Restaurant Chain (US)Arby's
68.3%
Harry Potter Top 200 First NameArgus
67.2%
US PresidentArthur
58.1%
Language (Top 100)Arabic
54.5%
Premier League Team (all-time)Arsenal
53%
Category Answer % Correct
US HolidayArbor Day
52.4%
Apollo Astronaut (Surname)Armstrong
47.2%
Member of Fellowship of the RingAragorn
45.4%
SeaArabian
40.1%
Dutch Antilles IslandAruba
34.8%
Game of Thrones CharacterArya Stark
20.7%
Disney Animated MovieThe Aristocats
20.1%
US City (Top 100 Population)Arlington
17.8%
Outstanding Comedy Series Emmy WinnerArrested Development
16.1%
Pokémon (Generation 1)Arcanine
12.9%
Mountain (50 Highest by Prominence)Ararat
12.6%
Dickens Character (Full name)Artful Dodger
9.2%
Saturday Night Live Cast Member (Surname)Armisen
6.2%
Nobel Peace Laureate (Surname)Arias
5.9%

You're not logged in!

Compare scores with friends on all Sporcle quizzes.
OR
Log In

You Might Also Like...

Show Comments

Extras

Top Quizzes Today


Score Distribution

Your Account Isn't Verified!

In order to create a playlist on Sporcle, you need to verify the email address you used during registration. Go to your Sporcle Settings to finish the process.

Report this User

Report this user for behavior that violates our Community Guidelines.

Details: